| 000 | 00386nam a2200145Ia 4500 | ||
|---|---|---|---|
| 008 | 230917s9999||||xx |||||||||||||| ||und|| | ||
| 040 |
_e50629 _aMAIN |
||
| 041 | _aEnglish | ||
| 082 | _a954.0072 B223I | ||
| 100 | _aBanerjee, Tarasankar, ed. | ||
| 245 | 0 | _aIndian historical research since independence | |
| 260 |
_aCalcutta _bNaya Prokash _c1987 |
||
| 300 | _axi, 150 p. | ||
| 942 | _cBK | ||
| 999 |
_c59994 _d59994 |
||